As minhas primeiras Aventuras Científicas (Record no. 44528)

MARC details
000 -Etiqueta do registo
Valores 00378nam a2200157 4500
100 ## - Dados gerais de processamento
Dados gerais 20250603 pory50
101 ## - Língua de publicação
Língua por
102 ## - País de publicação
País PT
200 ## - Titulo e menção de responsabilidade
Título próprio As minhas primeiras Aventuras Científicas
210 ## - Publicação
Local de publicação [S.l.]
Nome do editor Porto Editora Multimédia
Data de publicação [D.L. 2005]
215 ## - Descrição física 
Paginação / Volumes 1 CD-ROM PC
675 ## - CDU
Notação 5+6
801 ## - Fonte de origem
País PT
Regras de catalogação RPC
990 ## - Elementos KOHA
Tipo de documento Filme DVD
Holdings
Aquisição Empréstimo Código de barras Cota Permissão de empréstimo Tipo de documento Nota relativa ao exemplar
Biblioteca Escolar Doutor Hernâni Cidade Biblioteca Escolar Doutor Hernâni Cidade 80923 39 M MULTIMÉDIA   Filme DVD 39 Multimédia - 1 CD-ROM PC sobre exp.s cient.s

Powered by Koha